Arminius : A tragedy. As it was to have been acted at the Theatre-Royal in Drury-Lane.

Bibliographic Details
Main Author: Paterson, William, active 1740
Format: eBook
Language:English
Series:Eighteenth century collections online.
Online Access:Full text online

MARC

Tag First Indicator Second Indicator Subfields
LEADER 00000cam a2200000 4500
001 in00001940413
006 m | d |
007 cr |n||||||||n
008 791208s1740 enk|||| s 00||||eng d
005 20260407223435.0
035 |a (CStRLIN)ESTCT78602 
040 |a Uk-ES  |c Uk-ES  |d Cu-RivES  |d CStRLIN  |d Thomson Gale  |d UtOrBLW 
100 1 |a Paterson, William,  |d active 1740. 
245 1 0 |a Arminius :  |b A tragedy. As it was to have been acted at the Theatre-Royal in Drury-Lane. 
264 3 |a London :  |b printed [by Henry Woodfall] for the author; and sold by A. Millar,  |c 1740. 
300 |a vii, 1 unnumbered page, 63, 1 unnumbered page ;  |c 8⁰. 
336 |a text  |b txt  |2 rdacontent 
337 |a computer  |b c  |2 rdamedia 
338 |a online resource  |b cr  |2 rdacarrier 
500 |a Dedication signed: William Paterson. 
500 |a With no price at the foot of the titlepage, and no erratum on A4v. 
500 |a Printed by Woodfall on the evidence of the ornaments. 
500 |a Reproduction of original from the British Library. 
510 4 |a English Short Title Catalog,  |c ESTCT78602. 
533 |a Electronic reproduction.  |b Farmington Hills, Mich. :  |c Thomson Gale,  |d 2003.  |n Available via the World Wide Web.  |n Access limited by licensing agreements  |7 s2003 miunns 
500 |a Electronic resource. 
830 0 |a Eighteenth century collections online. 
856 4 0 |u http://proxy.library.tamu.edu/login?url=https://galenet.galegroup.com/servlet/ECCO?c=1&stp=Author&ste=11&af=BN&ae=T078602&tiPG=1&dd=0&dc=flc&docNum=CW115197737&vrsn=1.0&srchtp=a&d4=0.33&n=10&SU=0LRK&locID=txshracd2898  |z Full text online  |t 0 
999 |a MARS 
999 f f |s d4566763-152b-3ab1-8659-01eabb42cfcb  |i 6d5da2e4-d7c3-3578-b8c3-6697183609b6  |t 0 
952 f f |a Texas A&M University  |b College Station  |c Electronic Resources  |s www_evans  |d Available Online  |t 0  |h No information provided 
998 f f |t 0  |l Available Online